000
00339nam a2200145Ia 4500
005
20251222141849.0
008
251222s9999||||xx |||||||||||||| ||spa||
020
_a
958-9121-60-8
082
_a
025.32/M86
100
_a
Mortimer, Mary
245
0
_a
Catalogación descriptiva
250
_a
2a.ed.
264
_b
Rojas Eberhard
942
_c
LIB
999
_c
7676
_d
7676